书目信息 |
| 题名: |
生物力学基础
|
|
| 作者: | 田心 , 毕平 编著 | |
| 分册: | ||
| 出版信息: | 北京 科学出版社 2007 |
|
| 页数: | 129页 | |
| 开本: | 26cm | |
| 丛书名: | ||
| 单 册: | ||
| 中图分类: | Q66 | |
| 科图分类: | ||
| 主题词: | 生物力学--高等学校--教材 | |
| 电子资源: | ||
| ISBN: | 978-7-03-018335-4 | |
| 000 | 00720nam0 2200229 450 | |
| 001 | 1547928861 | |
| 005 | 20150131132057.06 | |
| 010 | @a978-7-03-018335-4@dCNY29.00 | |
| 100 | @a20111117d2007 em y0chiy0110 ea | |
| 101 | 0 | @achi |
| 102 | @aCN@b110000 | |
| 105 | @aa z 000yy | |
| 200 | 1 | @a生物力学基础@9sheng wu li hua ji chu@f田心, 毕平编著 |
| 210 | @a北京@c科学出版社@d2007 | |
| 215 | @a129页@c图@d26cm | |
| 330 | @a本书主要介绍了力学基础知识、肌肉动力学性质、骨的力学性质、心脏力学、血管的力学性质、血液循环的力学基础等。 | |
| 606 | 0 | @a生物力学@x高等学校@j教材 |
| 690 | @aQ66@v5 | |
| 701 | 0 | @a田心@9tian xin@4编著 |
| 701 | 0 | @a毕平@9bi ping@4编著 |
| 801 | 0 | @aCN@bTSSF@c20150131 |
| 905 | @aZUCC@dQ66@eJY51 | |
| 生物力学基础/田心, 毕平编著.-北京:科学出版社,2007 |
| 129页:图;26cm |
| ISBN 978-7-03-018335-4:CNY29.00 |
| 本书主要介绍了力学基础知识、肌肉动力学性质、骨的力学性质、心脏力学、血管的力学性质、血液循环的力学基础等。 |
| ● |
| 相关链接 |
|
|
|
|
正题名:生物力学基础
索取号:Q66/JY51
 
预约/预借
| 序号 | 登录号 | 条形码 | 馆藏地/架位号 | 状态 | 备注 |
| 1 | 7862088 | 278620887 | 学院路分馆/ [索取号:Q66/JY51] | 在馆 | |
| 2 | 7862090 | 278620903 | 学院路分馆/ [索取号:Q66/JY51] | 在馆 |